000 00340nam a22001457a 4500
008 221208b ||||| |||| 00| 0 eng d
020 _a9780078096075
041 _aeng
080 _2SECOND EDITION
_a339.9
082 _a339.9REI
100 _a24.1
101 _aGEOLO
245 _aENVIRONMENTAL GEOLOGY
_cREICHARD S.J
942 _2udc
_cBK
999 _c59140
_d59140